000 00510nam a2200229Ia 4500
008 210210b1947 xxu||||| |||| 00| 0 eng d
041 _aeng
082 _a960/104
100 _a-
245 _aIAS Indian history from 1947 to date
260 _aNew Delhi
_bCareers Digest Publications
_c1947
300 _a26
650 _ato
650 _aIndian
650 _aIAS
650 _ahistory
650 _afrom
650 _adate
650 _a1947
690 _aGeneral Knowledge
906 _a002387
999 _c121856
_d121856